000 01374cam a22004217a 4500
003 CHAP
005 20220817043833.0
008 010926d2000 mx r 00110 spa d
010 _a85727
011 _a86699
020 _a0122210905
035 _a97238
040 _cCHAP
082 0 4 _a600
_bD6
245 1 0 _aTecnology, humans, and society :
_btoward a sustainable world
_c/by Richard C. Dorf
260 _aSan Diego :
_bAcademic Press,
_c2001.
300 _a500 p. :
_bilus.
590 _aBATCH-UPD
_b10
_c20130110
_lUCH01
_h1209
590 _aBATCH-UPD
_b10
_c20130410
_lUCH01
_h0748
590 _aBATCH-UPD
_b10
_c20130914
_lUCH01
_h0640
590 _aBATCH-UPD
_b10
_c20130914
_lUCH01
_h2139
590 _aCONVERSION
_b10
_c20130109
_lUCH01
_h1348
650 1 4 _aBiotecnología.
_912878
650 1 4 _aCiencia.
_923107
650 1 4 _aDesarrollo sustentable.
650 1 4 _aEnergía eléctrica.
_936901
650 1 4 _aEnergía nuclear.
_936908
650 1 4 _aEnergía renovable.
_936910
650 1 4 _aEnergía solar.
_936911
650 1 4 _aImpacto ambiental.
_957465
650 1 4 _aIngeniería
_xInnovaciones tecnológicas.
_958183
650 1 4 _aMedio ambiente.
_974065
650 1 4 _aTecnología.
_9111937
901 _aBK
905 _aAlejandra Carrasco M.
942 _cLIBRO
949 _a600 D6
_bBC
_cLIBRO
_d33724000864898
_eLIBRO
_h102558
_i97238
_kI.212422
_si
_t$ 518.00
999 _c85727
_d85727